000 00768nas a2200253 4500
001 BR0304548
003 BR-BrBNA
005 20231205104046.0
007 ta
008 230509b bl.|||p| |||| 00| 00por d
040 _aBR-BrBNA
_bpor
_cBiblioteca Nacional de Agricultura
041 _a(En)
072 _aP33; N20
100 1 _aCalbo, A.G.
245 1 _aA rapid method for measuring soil water content in the field with a areometer
650 _aUMIDADE DO SOLO
650 _aTEOR DE UMIDADE
650 _aIRRIGAÇÃO
650 _aMEDIÇÃO
650 _aEQUIPAMENTO AGRÍCOLA
773 0 _tScientia Agrícola (Brazil)
_xISSN 0103-9016
_g(Oct-Dec 2002), v. 59(4) p. 811-814
_wBR0304548
909 _a202311
_bLúcia
_c55
_dLúcia Elande
942 _2AGRIS
_n0
_cANA
999 _c176125
_d176125